Roblox Rivals - All Weapons - Statistics

General Stats
  • This quiz has been taken 54 times
    11 since last reset
  • The average score is 36 of 53
Answer Stats
Tier Weapon Type Answer % Correct
Gold Primary Flamethrower
100%
Gray Utility Grenade
100%
Gray Primary Sniper
100%
Gray Primary Assault Rifle
86%
Gray Primary Bow
86%
Gray Primary Crossbow
86%
Gray Secondary Daggers
86%
Gold Primary Energy Rifle
86%
Gray Melee Fists
86%
Gray Melee Knife
86%
Gold Melee Maul
86%
Gold Utility Medkit
86%
Gold Primary Minigun
86%
Purple Primary Permafrost
86%
Gray Utility Smoke Grenade
86%
Gold Utility Warpstone
86%
Gray Melee Battle Axe
71%
Gray Primary Burst Rifle
71%
Gray Melee Chainsaw
71%
Gold Secondary Energy Pistols
71%
Gold Secondary Exogun
71%
Gray Utility Flashbang
71%
Purple Utility Grappler
71%
Gray Secondary Handgun
71%
Gray Utility Jump Pad
71%
Gray Melee Katana
71%
Gold Primary Paintball Gun
71%
Gray Secondary Revolver
71%
Gray Utility Satchel
71%
Gray Melee Scythe
71%
Gray Secondary Shorty
71%
Gray Primary Shotgun
71%
Gold Secondary Slingshot
71%
Gold Melee Spear
71%
Gray Secondary Spray
71%
Gold Melee Trowel
71%
Purple Secondary Warper
71%
Purple Primary Distortion
57%
Gray Secondary Flare Gun
57%
Gray Utility Freeze Ray
57%
Gold Primary Grenade Launcher
57%
Gray Primary Gunblade
57%
Gray Primary RPG
57%
Gold Utility Subspace Tripmine
57%
Gray Secondary Uzi
57%
Gray Utility War Horn
57%
Purple Melee Glast Shard
43%
Gray Utility Molotov
43%
Purple Utility Elixir
29%
Purple Secondary Glass Cannon
29%
Gray Melee Riot Shield
29%
Purple Primary Scepter
29%
Purple Utility RNG Dice
14%
No matching quizzes found
Score Distribution
Percent of People with Each Score
Percentile by Number Answered
Your Score History
You have not taken this quiz since the last reset